| 000 | 01662cim a22004334a 4500 | ||
|---|---|---|---|
| 999 |
_c534001 _d534001 |
||
| 001 | 13852757 | ||
| 003 | NUST | ||
| 005 | 20200128100504.0 | ||
| 007 | ss|lsnjlcmnnue | ||
| 008 | 050127t20011945nyunnn f| eng | ||
| 010 | _a 2005570680 | ||
| 020 | _a1559277327 | ||
| 024 | 0 | _a9781559277327 | |
| 028 | 0 | 2 |
_aART 732 _bAudio Renaissance |
| 038 | _aMSOHAIL | ||
| 040 |
_aDLC _cDLC _dDLC |
||
| 042 | _apcc | ||
| 043 | _ae-lu--- | ||
| 050 | 0 | 0 | _aRZA 8208 |
| 082 | _a823.912 | ||
| 100 | 1 |
_aChristie, Agatha, _d1890-1976. _928097 |
|
| 245 | 1 | 0 |
_aSparkling cyanide _h[sound recording] / _cAgatha Christie. |
| 246 | 1 |
_iAlso published as: _aRemembered death |
|
| 260 |
_aNew York, N.Y. : _bAudio Renaissance : _bDistributed by Holtzbrinck Publishers, _cp2001, [1945] |
||
| 300 |
_a336;pxv _banalog. |
||
| 306 | _a030000 | ||
| 500 | _aAbridged. | ||
| 500 | _aIn container (18 cm.). | ||
| 511 | 0 | _aRead by Nigel Anthony. | |
| 520 | _aIn a Luxembourg nightclub, six friends sit down at a table laid for seven. In front of the empty place is a sprig of rosemary, as a remembrance of Rosemary Barton, who was murdered exactly one year earlier-- by one of those present. | ||
| 651 | 0 |
_aLuxembourg _vFiction. _928098 |
|
| 655 | 7 |
_aMystery fiction. _2gsafd _95621 |
|
| 700 | 1 |
_aAnthony, Nigel. _4nrt _927114 |
|
| 856 | 4 | 2 |
_3Contributor biographical information _uhttp://www.loc.gov/catdir/enhancements/fy0628/2005570680-b.html |
| 856 | 4 | 2 |
_3Publisher description _uhttp://www.loc.gov/catdir/enhancements/fy0628/2005570680-d.html |
| 906 |
_a7 _bcbc _corignew _d3 _encip _f20 _gy-genmusic |
||
| 942 |
_2ddc _cBK |
||